000 00794nam a22002657a 4500
005 20170124105922.0
010 _a404855
020 _c00.00
035 _a404855
037 _bCen Lib/Ret
040 _aDPL
_bEN
082 _a320.1
100 _aPlato,
_95080
245 _aPolitical ideals of Plato /
_cby Plato
260 _aAhamdabad
_bNavjivan publishing house
_c1997
270 _aAhamdabad
_bAhamdabad
300 _a127p.
_c20cm(Hb)
500 _aIncludes bibliography reference and index
650 _aPolitical science
_95081
650 _aIdealistic faith
_95082
650 _a राजनीति विज्ञान
_9442
650 _aआदर्शवादी विश्वास
_95083
700 _94771
942 _2ddc
_cEN
_h320.1
_mPLA
999 _c123262
_d123262